Indiana State Basketball: Leading Scorer Every Year - Statistics

General Stats
  • This quiz has been taken 11 times
    5 since last reset
  • The average score is 18 of 54
Answer Stats
Year Player Average % Correct
1987-1988 Eddie Bird 15.3
100%
1988-1989 Eddie Bird 13.1
100%
1989-1990 Eddie Bird 14.6
100%
1990-1991 Eddie Bird 12.9
100%
1976-1977 Larry Bird 32.8
100%
1977-1978 Larry Bird 30.0
100%
1978-1979 Larry Bird 28.6
100%
2023-2024 Robbie Avila 17.4
60%
1979-1980 Carl Nicks 26.8
40%
2017-2018 Jordan Barnes 17.4
40%
1999-2000 Nate Green 13.8
40%
2018-2019 Tyreke Key 17.4
40%
2019-2020 Tyreke Key 15.6
40%
2020-2021 Tyreke Key 17.2
40%
1986-1987 Benji Frazier 9.7
20%
2016-2017 Brenton Scott 15.9
20%
1972-1973 Carl Macon 15.4
20%
2021-2022 Cooper Neese 15.0
20%
1995-1996 Cory DeGroote 12.5
20%
2022-2023 Courvoisier McCauley 15.9
20%
1971-1972 Dan Bush 18.4
20%
2002-2003 David Moss 13.2
20%
2003-2004 David Moss 13.6
20%
2004-2005 David Moss 14.9
20%
2005-2006 David Moss 16.6
20%
2014-2015 Devonte Brown 11.9
20%
2015-2016 Devonte Brown 15.5
20%
1947-1948 Duane Klueh 17.4
20%
2010-2011 Dwayne Lathan 10.9
20%
2011-2012 Dwayne Lathan 12.3
20%
2006-2007 Gabriel Moore 11.5
20%
2007-2008 Gabriel Moore 12.2
20%
1992-1993 Greg Thomas 17.1
20%
2008-2009 Harry Marshall 13.6
20%
2009-2010 Harry Marshall 13.7
20%
2012-2013 Jake Odum 13.6
20%
2013-2014 Jake Odum 13.1
20%
1997-1998 Jayson Wells 16.7
20%
1996-1997 Jim Cruise 14.0
20%
1982-1983 John Williams 18.4
20%
1983-1984 John Williams 21.8
20%
1984-1985 John Williams 22.8
20%
1985-1986 John Williams 20.8
20%
2001-2002 Kelyn Block 11.0
20%
1981-1982 Ken Bannister 13.9
20%
1993-1994 Mario Clark 12.0
20%
1998-1999 Matt Renn 11.6
20%
2000-2001 Matt Renn 15.8
20%
1994-1995 Mike Jovanovich 11.8
20%
1973-1974 Rick Williams 16.8
20%
1974-1975 Rick Williams 20.0
20%
1975-1976 Rick Williams 15.7
20%
1980-1981 Robert McField 14.7
20%
1991-1992 Travis Inman 12.2
20%
No matching quizzes found
Score Distribution
Percent of People with Each Score
Percentile by Number Answered
Your Score History
You have not taken this quiz since the last reset